1142 1747 1134 1565 1710 1720 1355 1827 1353 1381 1050 1540 1086 1603 1170 1139 1538 1323 1490 1956 1447 1791 1379 1794 1804 1390 1995 1323 1411 1402 1304 1894 1426 1514 1105 1117 1145 1355 1526 1257 1324 1184 1578 1400 1434 1570 1342 1581 1681 1686 1564 1340 1711 1234 1845 1567 1139 1488 1259 1706 1690 1432 1740 1801 1107 1208 1289 1381 1243 1237 1106 1256 1555 1963 1632 1507 1945 1353 1951 1105 1641 1730 1863 1930 1726 1193 1971 1076 1194 1339 1707 1148 1785 1336 1656 1794 1756 1226 1634 BCNSPRNW ULIB Ver.6.0+V

เปลี่ยนเป็นภาษาไทย

Change to English
 แสดงรายละเอียดบรรณานุกรม
  กลับหน้าหลัก

Brief Record : Get Marc (ISO 2709) : E-mail record : QR code < ปิดหน้าต่าง
LEADER : 00000nam 2200000uu 4500
001    13399125318
003     ULIB
008    170420s2559||||th 000 0 tha d
020    ^a9786169141761
060    ^aWE544^bฟ454
100    ^aนันทนา กสิตานนท์,^eบรรณาธิการ
245    ^aFrom pure to practice /^cบรรณาธิการ : นันทนา กสิตานนท์...
260    ^aกรุงเทพฯ :^bสมาคมรูมาติสซั่มแห่งประเทศไทย,^c2559
300    ^a272 หน้า ;^c21 cm ซม.
650    ^aรูห์มาติสม^vการประชุม.
650    ^aข้ออักเสบรูห์มาตอยด์^vการประชุม.
650    ^aกระดูก^xโรค^vการประชุม.
700    ^aไพจิตต์ อัศวธนบดี,^eบรรณาธิการ.
700    ^aปวีณา เชี่ยวชาญวิศวกิจ,^eบรรณาธิการ.
710    ^aสมาคมรูมาติสซั่มแห่งประเทศไทย.
945    ^p0^l0^i001941
945    ^p0^l0^i001942
945    ^p0^l0^i001943
945    ^p0^l0^i001944
945    ^p0^l0^i001945
945    ^p0^l0^i001946
945    ^p0^l0^i001947
945    ^p0^l0^i001948
945    ^p0^l0^i001949
945    ^p0^l0^i001950
999    ^aวิลาวรรณ์ สายภักดี
รายการนี้ยังไม่มีแท็ก
คุณยังไม่ได้ล็อกอิน คุณสามารถมีกิจกรรมร่วมกับเว็บไซต์ได้ แต่ต้องล็อกอินก่อน ::
  ล็อกอิน

รายการสื่อสารสนเทศ

ลำดับที่ ประเภท เลขเรียก/บาร์โค้ด สถานที่ สถานะ
1. วิทยาศาสตร์การแพทย์ และสุขภาพ
วิทยาศาสตร์การแพทย์ และสุขภาพ
สถานะ=หนังสือเก่า
WE544 ฟ454 ฉ.1 
  Barcode: 001941
ห้องสมุดวิทยาเขตสวรรค์ประชารักษ์
►ส่วนจัดเก็บหนังสือเก่า สปร
บนชั้น
  ขอยืม
2. วิทยาศาสตร์การแพทย์ และสุขภาพ
วิทยาศาสตร์การแพทย์ และสุขภาพ
สถานะ=หนังสือเก่า
WE544 ฟ454 ฉ.10 
  Barcode: 001950
ห้องสมุดวิทยาเขตสวรรค์ประชารักษ์
►ส่วนจัดเก็บหนังสือเก่า สปร
บนชั้น
  ขอยืม
3. วิทยาศาสตร์การแพทย์ และสุขภาพ
วิทยาศาสตร์การแพทย์ และสุขภาพ
สถานะ=หนังสือเก่า
WE544 ฟ454 ฉ.2 
  Barcode: 001942
ห้องสมุดวิทยาเขตสวรรค์ประชารักษ์
►ส่วนจัดเก็บหนังสือเก่า สปร
บนชั้น
  ขอยืม
4. วิทยาศาสตร์การแพทย์ และสุขภาพ
วิทยาศาสตร์การแพทย์ และสุขภาพ
สถานะ=หนังสือเก่า
WE544 ฟ454 ฉ.3 
  Barcode: 001943
ห้องสมุดวิทยาเขตสวรรค์ประชารักษ์
►ส่วนจัดเก็บหนังสือเก่า สปร
บนชั้น
  ขอยืม
5. วิทยาศาสตร์การแพทย์ และสุขภาพ
วิทยาศาสตร์การแพทย์ และสุขภาพ
สถานะ=หนังสือเก่า
WE544 ฟ454 ฉ.4 
  Barcode: 001944
ห้องสมุดวิทยาเขตสวรรค์ประชารักษ์
►ส่วนจัดเก็บหนังสือเก่า สปร
บนชั้น
  ขอยืม
6. วิทยาศาสตร์การแพทย์ และสุขภาพ
วิทยาศาสตร์การแพทย์ และสุขภาพ
สถานะ=หนังสือเก่า
WE544 ฟ454 ฉ.5 
  Barcode: 001945
ห้องสมุดวิทยาเขตสวรรค์ประชารักษ์
►ส่วนจัดเก็บหนังสือเก่า สปร
บนชั้น
  ขอยืม
7. วิทยาศาสตร์การแพทย์ และสุขภาพ
วิทยาศาสตร์การแพทย์ และสุขภาพ
สถานะ=หนังสือเก่า
WE544 ฟ454 ฉ.6 
  Barcode: 001946
ห้องสมุดวิทยาเขตสวรรค์ประชารักษ์
►ส่วนจัดเก็บหนังสือเก่า สปร
บนชั้น
  ขอยืม
8. วิทยาศาสตร์การแพทย์ และสุขภาพ
วิทยาศาสตร์การแพทย์ และสุขภาพ
สถานะ=หนังสือเก่า
WE544 ฟ454 ฉ.7 
  Barcode: 001947
ห้องสมุดวิทยาเขตสวรรค์ประชารักษ์
►ส่วนจัดเก็บหนังสือเก่า สปร
บนชั้น
  ขอยืม
9. วิทยาศาสตร์การแพทย์ และสุขภาพ
วิทยาศาสตร์การแพทย์ และสุขภาพ
สถานะ=หนังสือเก่า
WE544 ฟ454 ฉ.8 
  Barcode: 001948
ห้องสมุดวิทยาเขตสวรรค์ประชารักษ์
►ส่วนจัดเก็บหนังสือเก่า สปร
บนชั้น
  ขอยืม
10. วิทยาศาสตร์การแพทย์ และสุขภาพ
วิทยาศาสตร์การแพทย์ และสุขภาพ
สถานะ=หนังสือเก่า
WE544 ฟ454 ฉ.9 
  Barcode: 001949
ห้องสมุดวิทยาเขตสวรรค์ประชารักษ์
►ส่วนจัดเก็บหนังสือเก่า สปร
บนชั้น
  ขอยืม

BibComment


ยังไม่เคยถูกคอมเมนท์

คอมเมนท์ทรัพยากรรายการนี้
  คอมเมนท์: From pure to pra..


 Copyright 2026. Bcnsprnw @Library